000 00956nem a2200253 u 4500
005 20200104041742.0
008 160504b1995 c ||||| |a|| 00| 0 spa d
040 _aCO-BoIAVH
_cCO-BoIAVH
041 _aspa
044 _ack
090 _aMC-
_b0136
110 2 _aInstituto de Investigación de Recursos Biológicos Alexander von Humboldt.
_9204
245 1 _aMapa cobertura terrestre sector de Mendez
_bExploración ecologica a los parches de bosques secos del Valle de Rio Magdalena - Depto. del Tolima.
_h[Material Cartografico]
255 _a1:25.000
260 _aBogotá
_bInstituto de Investigación de Recursos Biológicos Alexander von Humboldt.
_c1995
300 _a1 mapa
_bcolor
_c60 x 60 cm
650 1 6 _aHidrografía
_95361
650 1 6 _aGeografía
_992259
650 1 6 _aCarreteras
_970707
650 1 6 _aFerrocarril
_967325
650 1 6 _aPoblaciones
_zTolima
_970708
700 1 _aArias, Carlos
_eElaboración
_967319
942 _2z
_cMapa
999 _c18463
_d18463